ბათუმის შოთა რუსთაველის სახელმწიფო უნივერსიტეტის ბიბლიოთეკა

აჭარის ასსრ სოციალურ–პოლიტიკური განვითარება ომის შემდგომ პერიოდში (1946–1965 წწ) / (ბიბ.ჩანაწერი № 37961)

000 -ლიდერი
ფიქსირებული სიგრძის საკონტროლო ველი 01037nam a2200217Ia 4500
001 - საკონტროლო ნომერი
საკონტროლო ველი 3943
003 - საკონტროლო ნომრის იდენტიფიკატორი
საკონტროლო ველი GE_BSU
005 - ბოლო ოპერაციის თარიღი და დრო
საკონტროლო ველი 20190916105914.0
008 - ფიქსირებული სიგრძის მონაცემთა ელემენტები - ზოგადი ინფორმაცია
ფიქსირებული სიგრძის საკონტროლო ველი 181216s1986||||ge |||||||||||||| ||geo||
040 ## - კატალოგიზაციის წყარო
Transcribing agency GE_BSU
041 ## - ენის კოდი
Language code of text/sound track or separate title geo
080 ## - უნივერსალური ათობითი კლასიფიკაციის ინდექსი
Universal Decimal Classification number 338.43(479.223) თ–87
100 ## - მთავარი ჩანაწერი - პიროვნების სახელი
Personal name თურმანიძე, ოთარ
9 (RLIN) 3946
245 ## - ცნობა სათაურის შესახებ
Title აჭარის ასსრ სოციალურ–პოლიტიკური განვითარება ომის შემდგომ პერიოდში (1946–1965 წწ) /
Statement of responsibility, etc რედ. მ. ჩავლეიშვილი
264 ## - წარმოების, გამოცემის, დისტრიბუციის და სხვა ცნობები
გამოცემის, წარმოების, დისტრიბუციის... ადგილი ბათუმი :
გამოცემის, წარმოების, დისტრიბუციის... სახელწოდება საბჭოთა აჭარა,
გამოცემის, წარმოების, დისტრიბუციის... თარიღი 1986
300 ## - ფიზიკური აღწერა
Extent 187 გვ. 21 სმ.
653 ## - INDEX TERM--UNCONTROLLED
Uncontrolled term სოციალური განვითარება აჭარაში
653 ## - INDEX TERM--UNCONTROLLED
Uncontrolled term პოლიტიკური განვითარება აჭარაში
700 ## - ADDED ENTRY--PERSONAL NAME
Personal name ჩავლეიშვილი, მ.
Relator term რედაქტორი
9 (RLIN) 4002
942 ## - ADDED ENTRY ELEMENTS (KOHA)
Koha item type წიგნი
Source of classification or shelving scheme
ეგზემპლარები
ჩამოწერის სტატუსი დაკარგული ეგზემპლარის სტატუსი კლასიფიკაციის წყარო ან თაროზე გაწყობის სქემა დაზიანების სტატუსი არ გაიცემა მუდმივი მდებარეობა (დაცვის ადგილი) ამჟამინდელი ადგილსამყოფელი თაროზე განთავსების ადგილი შეძენის თარიღი ღირებულება, შესყიდვის ნორმალური ფასი სრული შენახვის შიფრი შტრიხკოდი ბოლო ოპერაციის თარიღი ეგზემპლარის მიმდევრობითი ნომერი (კეტერი?) ფასის ძალაში შესვლის თარიღი ეგზემპლარის სახეობა საჯარო შენიშვნა
          ბათუმის შოთა რუსთაველის სახელმწიფო უნივერსიტეტის მთავარი ბიბლიოთეკა ბათუმის შოთა რუსთაველის სახელმწიფო უნივერსიტეტის მთავარი ბიბლიოთეკა წიგნსაცავი 2018-12-17 3.00 338.43(479.223) თ–87 5639 2018-12-17 5639 2018-12-17 წიგნი 3 ლ.